Quizzes
Events
Quiz Creation
Community
Videos
Private Events
Remove Ads
Sign In
Join for FREE
Feedback
Dark Mode
Quiz Categories
Sports
Geography
Music
Movies
Television
Just For Fun
Miscellaneous
History
Literature
Language
Science
Gaming
Entertainment
Religion
Holiday
For Kids
Quiz Lab
Recent
Popular Today
Quiz Kudos Today
Editor Picks
Curator Picks
Quizzes by...
Day
Popularity
Type
Ratings
Length
Year
Community
Subscriptions
Recent Discussions
Orange Saloon
Badges
Playlists
Quests
Create
Leaderboards
Showdown
Live 5
Trivia Bingo
Activity
Puzzle Library
Sporcle Events
Private Events
Virtual Trivia
Globe League
Become a Host
Pub Owners
SporcleCon
Opinionation
Our Games
Videos
Blog
Mobile Apps
Partnerships
Remove Ads and Go Orange
Feedback
Sports
Athletes
MLB
NBA
NHL
NFL
Soccer
Sports Teams
WWE
NCAA
Football
Premier League
Basketball
Baseball
Hockey
Golf
Tennis
Cricket
Rugby
Auto Racing
Olympics
World Cup
Sports
Athletes
MLB
NBA
NHL
NFL
Soccer
Sports Teams
WWE
NCAA
Football
Premier League
Basketball
Baseball
Hockey
Golf
Tennis
Cricket
Rugby
Auto Racing
Olympics
World Cup
Random Quiz
Search Sporcle
×
Quiz Lab
Quiz Lab
Sports
Football League
Type in answers that appear in a list
Type in answers that appear in a list
Classic
Best Score? Go Orange.
Norwich City: Top 100 appearances Stats
Can you name Norwich City's all-time top 100 appearance-makers?
By
culverhouse
20m
101 Questions
290 Plays
290 Plays
290 Plays
Comments
Comments
Give Quiz Kudos
Give Quiz Kudos
-
- Ratings
hide this ad
More Info
Replay
Link that replays current quiz
Next Quiz
Link to next quiz in quiz playlist
You Got
0%
They Got
Avg Score
35%
Avg Friend Score
Upgrade to see
Score Distribution
Jump to the score distribution portion of the page
Score
0/101
Timer
20:00
0
Plays Today
Apps/ goals
Player
% Correct
477/
0
Bryan Gunn
86.9%
198/
87
Teemu Pukki
76.9%
238/
14
Jeremy Goss
76.6%
418/
24
Ian Crook
73.8%
173/
22
Ruel Fox
73.4%
399/
27
Mark Bowen
72.4%
369/
2
Ian Culverhouse
72.4%
182/
3
Gary Holt
71.7%
168/
78
Grant Holt
71.7%
299/
84
Robert Fleck
70.3%
170/
5
Grant Hanley
69.2%
180/
21
Steve Bruce
68.3%
673/
0
Kevin Keelan
67.9%
306/
96
Iwan Roberts
67.6%
155/
22
Bradley Johnson
67.6%
352/
54
Wes Hoolahan
67.2%
309/
19
Russell Martin
67.2%
331/
1
George 'Pompey' Martin
66.6%
204/
38
Darren Eadie
61.7%
163/
0
Tim Krul
61.5%
203/
48
Darren Huckerby
61.4%
243/
0
John Ruddy
59.7%
219/
0
Andy Marshall
59.7%
241/
0
Robert Green
59.3%
232/
50
Martin Peters
57.9%
361/
4
Adam Drury
57.2%
293/
4
Ian Butterworth
57.2%
267/
0
Chris Woods
56.6%
261/
31
Dale Gordon
56.6%
186/
20
David Phillips
56.2%
263/
12
John Polston
55.5%
256/
11
Dave Watson
55.5%
176/
37
Peter Gordon
55.5%
161/
8
Kenny McLean
53.8%
Apps/ goals
Player
% Correct
352/
9
Daryl Sutch
52.4%
172/
6
Matt Jackson
51.7%
262/
8
Alex Tettey
51%
188/
24
Jonny Howson
50.7%
499/
22
Dave Stringer
48.6%
199/
70
John Deehan
48.6%
357/
12
Duncan Forbes
48.3%
249/
17
Rob Newman
47.6%
382/
13
Craig Fleming
47.4%
201/
5
Max Aarons
46.2%
246/
40
Paul McVeigh
42.8%
206/
30
Neil Adams
42.8%
194/
10
Mike Phelan
42.4%
232/
15
Malky Mackay
41%
267/
29
Peter Mendham
39.3%
161/
29
Robert Rosario
37.9%
340/
47
Graham Paddon
37.6%
161/
14
Kevin Bond
37.6%
271/
19
Darel Russell
36.6%
662/
66
Ron Ashman
35.5%
227/
14
Gary Doherty
35.5%
178/
20
Phil Mulryne
33.8%
223/
25
Mark Barham
32.8%
201/
57
Ken Foggo
32.1%
206/
8
Greg Downs
31.4%
389/
127
Terry Allcock
30.7%
349/
3
Barry Butler
30.7%
196/
1
Geoff Butler
29.3%
275/
5
Tony Powell
27.2%
338/
132
Johnny Gavin
25.5%
175/
9
Darren Kenton
25.5%
155/
4
Dennis van Wijk
25.2%
380/
14
Bernard Robinson
24.8%
416/
0
Ken Nethercott
22.4%
Apps/ goals
Player
% Correct
243/
29
Colin Suggett
22.1%
213/
0
Sandy Kennon
21.4%
203/
1
Alan Black
21%
195/
55
Jimmy Hill
20%
193/
4
Paul Haylock
20%
279/
19
Terry Anderson
19.3%
203/
12
Mick McGuire
17.9%
158/
18
Chris Llewellyn
16.9%
256/
1
Bill Lewis
14.5%
256/
29
Bill Punton
13.1%
250/
52
Bobby Brennan
13.1%
170/
2
Max Briggs
13.1%
426/
20
Roy McCrohan
11%
427/
21
Joe Hannah
10.7%
284/
55
Tommy Bryceland
10.3%
214/
18
Matt Crowe
9.7%
156/
19
Trevor Howard
9.7%
250/
3
Denis Morgan
9%
243/
65
Noel Kinsey
7.2%
224/
1
Bryan Thurlow
7.2%
181/
80
Jack Vinall
7.2%
204/
2
Jock Mackenzie
5.9%
204/
8
Mal Lucas
5.9%
163/
0
Norman Low
5.9%
238/
8
Reg Foulkes
5.5%
201/
69
Les Eyre
5.2%
244/
11
Don Pickwick
4.5%
248/
5
Joe Mullett
3.8%
223/
5
Duggie Lochhead
3.4%
203/
0
Tom Halliday
3.4%
164/
39
Sam Austin
3.1%
209/
0
Charles Dennington
2.8%
173/
61
Ken Burditt
2.8%
Quiz Playlist
Details
Report
Send in Message
Add To Playlist
More Info:
Appearance/goals figures cover all competitions. Correct at the start of the 2023-24 season.
Classic:
Type in answers that appear in a list
Quiz Source
Last Updated: Nov 2, 2023
Quiz Scoreboard
CHALLENGE
Sign Up to Join the Scoreboard
Show All
Scores
Hide
Comments
May contain spoilers
Recently Published
College Basketball Coaching Resumes
by pancakes188
Sports
9m
Billboard Blitz: Fleetwood Mac
by CooCooCachoo
Music
15s
Presidents Visiting Landmarks
by Hejman
History
7m
More to Explore
Quiz From the Vault
Featured Blog Post
Where Did the Easter Bunny Come From?
hide this ad
You Might Also Like...
Tags
1980s
Football League
Norwich City
Today's Top Quizzes in Sports
Browse Sports
hide this ad
Today's Top Quizzes in Football League
Browse Football League
Top Contributed Quizzes in Sports
1
Les meilleurs buteurs des matchs entre le PSG et l’OM
2
2022 World Cup Stars
3
FIFA Club World Cup Champions
4
Les entraîneurs de l'OM et du PSG au 21e siècle
5
Criteria MLB: Left Handed Sluggers
6
AFC Teams Reveal (Wrong Answers Minefield)
7
5-to-1: UK Sports Teams
8
Name the Premier League winners with different clubs
9
5-to-1: FBS Animal Nicknames
10
Players with Multiple 50 Home Run Seasons
Explore More
Trending Topics
NBA
Anime
Kpop
Marvel
Disney
Crossword
Harry Potter
NFL
Puzzle
The Office
Pokémon
WWE
Country
Soccer
Song
hide this ad
More By:
culverhouse
Quiz
Plays
Rating
Category
Featured
Created
Top XIs: Scotland (1980s/1990s)
7,011
5.00
Sports
Apr 1, 2016
FA Premier League XIs 2016-17
6,451
4.70
Sports
May 23, 2017
Top XIs: Liverpool (1980s)
6,070
5.00
Sports
Jul 1, 2016
Top XIs: Manchester United (1980s)
5,952
5.00
Sports
Jul 1, 2016
UEFA Champions League last 16 XIs 2018-19
5,531
4.89
Sports
Jun 1, 2019
Go to Creator's Profile
Score Distribution
Quiz Creator Spotlight
culverhouse
Follow
Send a Message
Quizzes Created
-
Created Quiz Play Count
-
More By This Creator
Popular Quizzes Today
1
Find the US States - No Outlines Minefield
2
Find the Countries of Europe - No Outlines Minefield
3
The Countries of the World
4
Find the US States
5
Risky Map Clicking: Biggest States A-Z
6
US States
7
Popular People in 1961
8
Movies - When Are They Set?
More Sports Quizzes
NBA Western Scoring Leaders (2000s)
Published
Trending Quizzes
Risky Map Clicking: Least Populous States A-Z
1-10 Letter G Words
1-10 Letter F Words
Risky Map Clicking: Next State Alphabetically
Click the Washington State Counties! (Map)
Recently Updated
Leaping Animals
pecheneg
Reality TV Shows (A-Z)
bhenderson79
Rickey Henderson's Hall of Fame Teammates
pecheneg
Champions League XIs: Arsenal
pecheneg
Quick Pick: Celebrities in WWE's Hall of Fame
aduchscher
A-Z Keypad Blitz II
pecheneg
Multiple Oscar Actors
pecheneg
Mystery Phrase Blitz: Oscar 'Best Actors'
pecheneg
F. Scott Fitzgerald Novels
LTH
Pick 3 Villains
ddd62291
Trending Topics
Anime
Marvel
NBA
Harry Potter
Kpop
Disney
Crossword
Puzzle
Song
WWE
Soccer
The Office
Country
NFL
Pokémon
Your Account Isn't Verified!
In order to create a playlist on Sporcle, you need to verify the email address you used during registration. Go to your
Sporcle Settings
to finish the process.
Report this User
Report this user for behavior that violates our
Community Guidelines
.
Details:
Send Report
Go to the Sporcle.com Mobile Site →
Comments